Score 0/20 Timer 03:00
1 Play Today
% Correct
Michelle Obama & Big Bird
96.9%
Will Ferrell
92.4%
Chris Pratt
91.3%
Tina Fey
91.1%
P!nk
90%
Amy Poehler
87.3%
Emma Stone
86.9%
Neil Patrick Harris
84%
Anna Kendrick
83.4%
Paul Rudd
83.1%
% Correct
Chris Evans
78%
Sarah Jessica Parker
77.3%
Seth Rogen
72.6%
David Letterman
66.8%
John Oliver
66.2%
Rashida Jones
64.7%
Maya Rudolph
64.2%
Lin-Manuel Miranda
64.2%
Olivia Wilde
57.8%
Jason Sudeikis
48.1%
Remove Ads.
Support Sporcle.
Get the best of Sporcle when you Go Orange. This ad-free experience offers more features, more stats, and more fun while also helping to support Sporcle. Thank you for becoming a member.

You're not logged in!

Compare scores with friends on all Sporcle quizzes.
OR
Log In

Sporcle TV

Today on Sporcle TV


Watch our educational content, quiz creation guides, and fun videos on Sporcle TV.

Show Comments

Extras

Top Quizzes Today


Score Distribution

Paid Content

Your Account Isn't Verified!

In order to create a playlist on Sporcle, you need to verify the email address you used during registration. Go to your Sporcle Settings to finish the process.

Report this User

Report this user for behavior that violates our Community Guidelines.

Details: